LEADER 02935nam 2200673Ia 450 001 9910449752303321 005 20200520144314.0 010 $a1-281-34706-X 010 $a0-19-991649-7 010 $a9786611347062 010 $a0-19-803175-0 035 $a(CKB)1000000000214979 035 $a(EBL)430299 035 $a(OCoLC)49346948 035 $a(SSID)ssj0000083662 035 $a(PQKBManifestationID)11120587 035 $a(PQKBTitleCode)TC0000083662 035 $a(PQKBWorkID)10148258 035 $a(PQKB)10602292 035 $a(StDuBDS)EDZ0000171517 035 $a(MiAaPQ)EBC430299 035 $a(Au-PeEL)EBL430299 035 $a(CaPaEBR)ebr10269211 035 $a(CaONFJC)MIL134706 035 $a(EXLCZ)991000000000214979 100 $a20001106d2001 uy 0 101 0 $aeng 135 $aur|n|---||||| 181 $ctxt 182 $cc 183 $acr 200 04$aThe concise Oxford companion to African American literature$b[electronic resource] /$feditors, William L. Andrews, Frances Smith Foster, Trudier Harris 210 $aNew York $cOxford University Press$d2001 215 $a1 online resource (513 p.) 300 $aOxford Reference Library 300 $aDescription based upon print version of record. 311 $a0-19-513883-X 320 $aIncludes bibliographical references and index. 327 $aContents; Introduction; Contributors; The Concise Oxford Companion to African American Literature; Appendix; Editors; Index 330 $aA breathtaking achievement, this Concise Companion is a suitable crown to the astonishing production in African American literature and criticism that has swept over American literary studies in the last two decades. It offers an enormous range of writers-from Sojourner Truth to Frederick Douglass, from Zora Neale Hurston to Ralph Ellison, and from Toni Morrison to August Wilson. It contains entries on major works (including synopses of novels), such as Harriet Jacobs's Incidents in the Life of a Slave Girl, Richard Wright's Native Son, and Lorraine Hansberry's A Raisin in the Sun. It also inc 606 $aAmerican literature$xAfrican American authors$vEncyclopedias 606 $aAfrican Americans$xIntellectual life$vEncyclopedias 606 $aAfrican Americans in literature$vEncyclopedias 608 $aElectronic books. 615 0$aAmerican literature$xAfrican American authors 615 0$aAfrican Americans$xIntellectual life 615 0$aAfrican Americans in literature 676 $a810.9896073 676 $a810.9896073003 701 $aAndrews$b William L.$f1946-$0916379 701 $aFoster$b Frances Smith$0942871 701 $aHarris$b Trudier$0738941 801 0$bMiAaPQ 801 1$bMiAaPQ 801 2$bMiAaPQ 906 $aBOOK 912 $a9910449752303321 996 $aThe concise Oxford companion to African American literature$92127692 997 $aUNINA LEADER 01405nam 2200457 450 001 9910580258003321 005 20221215142251.0 010 $a1-119-70739-0 010 $a1-119-70736-6 010 $a1-119-70737-4 035 $a(MiAaPQ)EBC7016646 035 $a(Au-PeEL)EBL7016646 035 $a(CKB)23842932100041 035 $a(EXLCZ)9923842932100041 100 $a20221215d2022 uy 0 101 0 $aeng 135 $aurcnu|||||||| 181 $ctxt$2rdacontent 182 $cc$2rdamedia 183 $acr$2rdacarrier 200 10$aFuel additives $echemistry and technology /$fRobert D. Tack 210 1$aHoboken, New Jersey :$cJW-Wiley,$d[2022] 210 4$dİ2022 215 $a1 online resource (366 pages) 311 08$aPrint version: Tack, Robert D. Fuel Additives Newark : John Wiley & Sons, Incorporated,c2022 9781119707417 320 $aIncludes bibliographical references and index. 606 $aMotor fuels$xAnalysis 606 $aMotor fuels$xAdditives 606 $aMotor fuel additives industry 615 0$aMotor fuels$xAnalysis. 615 0$aMotor fuels$xAdditives. 615 0$aMotor fuel additives industry. 676 $a629.25/38 700 $aTack$b Robert D.$01245317 801 0$bMiAaPQ 801 1$bMiAaPQ 801 2$bMiAaPQ 906 $aBOOK 912 $a9910580258003321 996 $aFuel Additives$92888230 997 $aUNINA